Problémy formovania podnikovej stratégie.
Predpoklady pre zostavenie racionálnej stratégie podniku: dôkladná analýza vonkajšieho prostredia a vnútornej štruktúry podniku. Systém informačnej pomoci štátu podnikom. Brzdy strategickej orientácie podnikov v našich podmienkach. Popis troch typov podnikových stratégií. Význam účasti zahraničného...
Saved in:
| Main Author: | |
|---|---|
| Format: | Book Chapter |
| Language: | Slovak |
| Subjects: | |
| Tags: |
No Tags, Be the first to tag this record!
|
MARC
| LEADER | 00000naa a2200000 4500 | ||
|---|---|---|---|
| 001 | r008701 | ||
| 005 | 20220831090056.2 | ||
| 041 | 0 | |a slo | |
| 044 | |a [CS] | ||
| 245 | 1 | 0 | |a Problémy formovania podnikovej stratégie. |c M. Šestáková |
| 520 | |a Predpoklady pre zostavenie racionálnej stratégie podniku: dôkladná analýza vonkajšieho prostredia a vnútornej štruktúry podniku. Systém informačnej pomoci štátu podnikom. Brzdy strategickej orientácie podnikov v našich podmienkach. Popis troch typov podnikových stratégií. Význam účasti zahraničného kapitálu vo vývoji našej podnikovej sféry. | ||
| 610 | 2 | 0 | |a stratégia podniková |
| 610 | 2 | 0 | |a hospodárstvo trhové |
| 610 | 2 | 0 | |a zabezpečenie informačné |
| 610 | 2 | 0 | |a štát-podnik |
| 610 | 2 | 0 | |a investície zahraničné |
| 100 | 1 | |a Šestáková, M. | |